How to manage people : the applied psychology of handling human problems in business

Bibliographic Details
Main Author: Given, William B
Format: Book
Published: Singapore : S.S. Mubaruk & Brothers Pte.Ltd. , 1994
Subjects:

MARC

LEADER 00000cam a2200000 7i4500
001 0000009077
002 000009889
005 20000330.0
020 |a 9812079955 
090 0 0 |a 658.3   |b GIV 
100 1 |a Given, William B 
245 1 0 |a How to manage people :   |b the applied psychology of handling human problems in business   |c William B.Given 
260 |a Singapore :   |b S.S. Mubaruk & Brothers Pte.Ltd. ,   |c 1994 
300 |a 224p. ;   |c 18cm. 
650 0 0 |a Personnel management   |x Psychological aspects 
999 |a 040336   |b BUKU   |c PINJAMAN   |e PERPUSTAKAAN KOMUNITI PETALING JAYA